00389 a2200145 450000500170000002000220001708200130003911100080005224500490006025000130010926000440012230000490016694200130021599900150022820250627091033.0 a978-0-7517-4799-7 a658 CAT aCAT aAdvanced Paper 5 Managing People and Systems a5th Ed.  aLondon,bBPP Learning Media Ltd,c2008. axxviii, 160p.: ill.; picture,bindex,c29cm. 2ddccBKS c5566d5566